| 000 | 00595nam a2200169 i 4500 | ||
|---|---|---|---|
| 001 | 114636 | ||
| 003 | ES-MaACL | ||
| 005 | 20230906190217.0 | ||
| 007 | t| | ||
| 008 | 070316s1916 fr ||||1| fre d | ||
| 100 | 1 |
_aDavignon, Henri. _942927 |
|
| 245 | 1 | 0 |
_aAffiches allemandes en Belgique, leur valeur d'aveu / _cnouveaux textes et documents, précédés d'un avertissement au lecteur, par Henri Davignon. |
| 260 |
_aParis : _bHachette, _c[1916] |
||
| 300 |
_aV, 100 p. : _bil. ; _c24 cm. |
||
| 650 | 4 |
_aGuerra mundial, 1914-1918- _zBélgica. _9158946 |
|
| 852 |
_aES-MaACL _jC-13249 _bR.33183 |
||
| 999 |
_c114636 _d114636 |
||